00290nam a2200121Ia 4500008004100000100002300041245002900064260003000093300000900123650001400132942000700146999001500153190216s9999||||xx |||||||||||||| ||und|| aCharles L Schultze 0aNational Income Analysis bPrentice Hall Indiac1984 a162p aEconomics cBK c9708d9708